000 00374nam a2200145Ia 4500
008 230917s9999||||xx |||||||||||||| ||und||
040 _e71039
_aMAIN
041 _aEnglish
082 _a940.253 A24H
100 _aAnderson, M S
245 0 _aHistorians and 18th century Europe 1715-1789
260 _aOxford
_bClarendon Press
_c1979
300 _avi, 251 p.
942 _cBK
999 _c213603
_d213603